<?xml version="1.0" encoding="UTF-8"?>
<marc:record xmlns:marc="http://www.loc.gov/MARC21/slim">
   <marc:leader>00000nam a2200000 a 4500</marc:leader>
   <marc:datafield ind1="0" ind2="0" tag="245">
      <marc:subfield code="a">Kleine Lesetiger-Feriengeschichten</marc:subfield>
   </marc:datafield>
   <marc:datafield ind1=" " ind2="1" tag="264">
      <marc:subfield code="a">Bindlach</marc:subfield>
      <marc:subfield code="b">Loewe</marc:subfield>
      <marc:subfield code="c">2003</marc:subfield>
   </marc:datafield>
   <marc:datafield ind1="1" ind2=" " tag="490">
      <marc:subfield code="a">Lesetiger</marc:subfield>
   </marc:datafield>
   <marc:datafield ind1="1" ind2=" " tag="520">
      <marc:subfield code="a">4 Feriengeschichten für kleine ErstleserInnen. Die Geschichten kommen mit wenig Text und dafür vielen farbenfrohen Illustrationen aus. Inge wird gleich an ihrem 1. Ferientag zu einer kleinen Heldin, denn sie entdeckt im Meer einen Schwimmer in Not. Marc und Sina machen mit ihren Eltern einen ganz besonderen Urlaub - sie bleiben zu Hause und entdecken ihre Heimatstadt. Tim hingegen erlebt ein richtiges Bergabenteuer. Und Caro und Tobi haben sich im Urlaub richtig angefreundet, aber nun werden sie sich nie wieder sehen, denn die eine wohnt in Köln und der andere in Hamburg. Doch die Mütter haben eine Überraschung für die beiden ... Mit wenigen Worten, dem Leseverständnis eines Erstlesers entsprechend, ist es der Autorin gelungen, ganz unterschiedliche, realitätsnahe Ferienerlebnisse zu schildern.</marc:subfield>
   </marc:datafield>
   <marc:datafield ind1=" " ind2=" " tag="020">
      <marc:subfield code="a">9783785545676</marc:subfield>
      <marc:subfield code="9">9783785545676</marc:subfield>
   </marc:datafield>
   <marc:datafield ind1=" " ind2=" " tag="020">
      <marc:subfield code="a">3785545673</marc:subfield>
      <marc:subfield code="9">3785545673</marc:subfield>
   </marc:datafield>
   <marc:datafield ind1=" " ind2=" " tag="041">
      <marc:subfield code="a">ger</marc:subfield>
   </marc:datafield>
   <marc:datafield ind1=" " ind2=" " tag="338">
      <marc:subfield code="a">Band</marc:subfield>
   </marc:datafield>
   <marc:datafield ind1=" " ind2=" " tag="300">
      <marc:subfield code="a">43 S. : überw. Ill.</marc:subfield>
   </marc:datafield>
</marc:record>
